How to write an expert witness report (Record no. 117584)

MARC details
000 -LEADER
fixed length control field 01040cam a2200217 4500
001 - CONTROL NUMBER
control field ABS67918
008 - FIXED-LENGTH DATA ELEMENTS--GENERAL INFORMATION
fixed length control field 040623n2004 000 0 eng u
035 ## - SYSTEM CONTROL NUMBER
System control number (Sirsi) u126579
100 ## - MAIN ENTRY--PERSONAL NAME
Personal name Thompson, B.
245 ## - TITLE STATEMENT
Title How to write an expert witness report
260 ## - PUBLICATION, DISTRIBUTION, ETC.
Date of publication, distribution, etc. 2004
490 ## - SERIES STATEMENT
Series statement New Law Journal
Volume/sequential designation 54(7130) 28 May 2004, 808-810(3)
520 ## - SUMMARY, ETC.
Summary, etc. Outlines the extra importance of expert reports in litigation especially with the advent of single joint experts who tend not to attend court, and where these reports may be used as a basis for early dispute settlement. Offers advice on the form that the reports should take and the civil procedure requirements under the Civil Procedure Rules. Also provides guidance on how to produce reports which are both concise and informative and in the best writing style and structure.
590 ## - LOCAL NOTE (RLIN)
Local note ABS
590 ## - LOCAL NOTE (RLIN)
Local note ABS
650 ## - SUBJECT ADDED ENTRY--TOPICAL TERM
Topical term or geographic name entry element EXPERT REPORTS
650 ## - SUBJECT ADDED ENTRY--TOPICAL TERM
Topical term or geographic name entry element SINGLE JOINT EXPERTS
650 ## - SUBJECT ADDED ENTRY--TOPICAL TERM
Topical term or geographic name entry element CIVIL PROCEDURE RULES PART 35
690 ## - LOCAL SUBJECT ADDED ENTRY--TOPICAL TERM (OCLC, RLIN)
Topical term or geographic name as entry element DISPUTE RESOLUTION
9 (RLIN) 6236
942 ## - ADDED ENTRY ELEMENTS (KOHA)
Suppress in OPAC 0
Holdings
Withdrawn status Lost status Source of classification or shelving scheme Damaged status Not for loan Home library Current library Shelving location Date acquired Total Checkouts Full call number Barcode Date last seen Copy number Price effective from Koha item type
    Dewey Decimal Classification     London London Journal article 23/06/2004   ABS67918 126579-1001 06/08/2019 1 06/08/2019 Journal article